Código del trabajo del indígena americano /

Publicación del código de trabajo publicado durante la Epoca Colonial relativo a las condiciones laborales de los indígenas de América.

Gespeichert in:
Bibliographische Detailangaben
1. Verfasser: Rumeu de Armas, Antonio (autor)
Format: Buch
Sprache:Spanisch
Veröffentlicht: Madrid, España : Instituto Iberoamericano de Cooperación, Ediciones Cultura Hispánica, 1953, c1953
Schriftenreihe:(Santo y Seña ; 14)
Schlagworte:
Tags: Tag hinzufügen
Keine Tags, Fügen Sie das erste Tag hinzu!

MARC

LEADER 00000nam^a2200000^a^4500
001 000122602
005 20250521000000.0
009 20260310094509.996
037 |a Acervo ITESO - Biblioteca 
041 |a ESP 
082 |a 344. 8001  |b RUM 
100 |a Rumeu de Armas, Antonio  |e (autor) 
240 1 1 |a [Leyes, etc.] 
245 1 0 |a Código del trabajo del indígena americano /  |c A. Rumeu de Armas. 
264 4 |a Madrid, España :  |b Instituto Iberoamericano de Cooperación, Ediciones Cultura Hispánica,  |c 1953, c1953 
300 |a 94 p. 
336 |a texto  |b txt  |2 rdacontenido 
337 |a sin mediación  |b n  |2 rdamedio 
338 |a volumen  |b nc  |2 rdasoporte 
440 1 |a (Santo y Seña ;  |v 14) 
520 |a Publicación del código de trabajo publicado durante la Epoca Colonial relativo a las condiciones laborales de los indígenas de América. 
649 |a XX 
650 |a Indígenas -  |x Condiciones Laborales 
650 |a Indígenas -  |x Condiciones Jurídicas 
650 |a Derecho Laboral -  |z América -  |x Historia 
650 |a Derecho Público -  |z América -  |x Historia 
650 |a Derecho -  |z América -  |x Historia -  |y Epoca Colonial 
650 |a América -  |x Historia -  |y Epoca Colonial 
650 |a América -  |x Historia -  |x Documentos 
910 |a Fondo Salvador Reynoso Reynoso 
920 |a Impresos - Libros 
930 |a Fondos Especiales 
905 |a 112 
901 |a 0800006652  |b IT2  |c ESP  |u 20250521 
902 |a https://opac.biblio.iteso.mx/vufind/Record/000122602